000 nam a22 7a 4500
999 _c8439
_d8439
008 180116b ||||| |||| 00| 0 eng d
100 _aNCERT
_94840
245 _aFirst Flight
260 _aNew Delhi
_bNCERT
_c2007